Normal view MARC view

Entry Topical Term

Number of records used in: 1

001 - CONTROL NUMBER

  • control field: 50738

003 - CONTROL NUMBER IDENTIFIER

  • control field: OSt

005 - DATE AND TIME OF LATEST TRANSACTION

  • control field: 20250219150917.0

008 - FIXED-LENGTH DATA ELEMENTS

  • fixed length control field: 250219|| aca||aabn | a|a d

040 ## - CATALOGING SOURCE

  • Original cataloging agency: OSt
  • Transcribing agency: OSt

150 ## - HEADING--TOPICAL TERM

  • Topical term or geographic name entry element: Digital transformation, Digital government, Local governments, Technology-driven innovation, Technological change.

670 ## - SOURCE DATA FOUND

  • Source citation: Work cat.: (OSt): Hernandez, Mila Gasco 50737, Reflections on three decades of digital transformation in local governments

Powered by Koha